| 000 -LEADER |
| fixed length control field |
01576pab a2200181 454500 |
| 008 - FIXED-LENGTH DATA ELEMENTS--GENERAL INFORMATION |
| fixed length control field |
180718b2003 xxu||||| |||| 00| 0 eng d |
| 100 ## - MAIN ENTRY--PERSONAL NAME |
| Personal name |
Carmichael, Paul |
| 245 ## - TITLE STATEMENT |
| Title |
The Northern Ireland civil service under direct rule and devolution |
| 260 ## - PUBLICATION, DISTRIBUTION, ETC. |
| Date of publication, distribution, etc. |
2003 |
| 300 ## - PHYSICAL DESCRIPTION |
| Extent |
p.205-17. |
| 362 ## - DATES OF PUBLICATION AND/OR SEQUENTIAL DESIGNATION |
| Dates of publication and/or sequential designation |
Jun |
| 520 ## - SUMMARY, ETC. |
| Summary, etc. |
Although the United Kingdom is usually regarded as a unitary state in the mould of the Westminster model, in reality, complete political integration and administrative standardization have never existed. Recent political devolution consolidates an increasingly diverse and asymmetrical pattern of territorial governance. Frequently, however, notwithstanding some notable exceptions, this differentiation within the UK's governmental arrangements is overlooked in much of the literature. to help correct this oversight, this article reports on the longstanding differences in the public administration arrangements of one of the UK's smaller component countries, Northern Ireland. Specifically, the article focuses on the role of the Northern Ireland Civil Service and charts some of the key characteristics and trends that have emerged under both the period of Direct Rule from London (since the end of the Stormont devolution in 1972) and in the newly-restored devolved settlement that was introduced in 1999, following the Belfast (Good Friday) Agreement. - Reproduced. |
| 650 ## - SUBJECT ADDED ENTRY--TOPICAL TERM |
| Topical term or geographic name entry element |
Civil service - Northern Ireland |
| 650 ## - SUBJECT ADDED ENTRY--TOPICAL TERM |
| Topical term or geographic name entry element |
Civil service |
| 700 ## - ADDED ENTRY--PERSONAL NAME |
| Personal name |
Osborne, Robert |
| 773 ## - HOST ITEM ENTRY |
| Main entry heading |
International Review of Administrative Sciences |
| 909 ## - |
| -- |
57585 |